Responses for Show #5002 - Tuesday, May 16, 2006

2006 Tournament of Champions semifinal game 2.

Contestants

[<< previous game]

Kevin Marshall, a student from Metairie, Louisiana

Bill MacDonald, an attorney from Bonita Springs, Florida

David Madden, a student originally from Ridgewood, New Jersey

[next game >>]

Jeopardy! Round responses

SOCIOLOGY
THE STARTING INFIELD
DICTATORS & TYRANTS
THE ONION
WORLD AUTHORS
CROSSWORD CLUES "J"
    $200 17
mobility

Bill
    $200 4
(Kevin: Who are the Phillies?)

the Yankees

DavidKevin
    $200 30
Kim Il-sung

David
    $200 14
SpaghettiOs

Bill
    $200 27
(George) Orwell

Bill
    $200 8
"Jabberwocky"

Kevin
    $400 18
gender roles

David
    $400 6
Ron Cey

Triple Stumper
    $400 29
Venice

Triple Stumper
    $400 15
(Betty) Friedan

David
    $400 28
Cervantes

David
    $400 9
jetsam

Bill
    $600 21
group

Kevin
    $600 7
Tinker, Evers & Chance

Bill
    $600 13
the Ottoman Empire

Bill
    $600 24
(David: What are casinos?)

shopping malls

David
Triple Stumper
    $600 20
(David: Who's O'Casey?)

James Joyce

David
Triple Stumper
    $600 10
jodhpurs

Bill
    $800 22
a collaborator

Triple Stumper
    $800 5
Jackie Robinson

Kevin
    $1,000 1
Afghanistan

David
    $800 25
Puerto Rico

Bill
    $800 19
(Rabindranath) Tagore

David
    $800 11
(David: What is... jubilee?)

jubilation

DavidKevin
    $1000 23
totem

Bill
    $1000 3
Joe Morgan

Kevin
    $1000 2
Robespierre

David
    $1000 26
(Clara) Bow

Bill
    $1000 16
(Kevin: What is Mignon?)

(René de) Chateaubriand

BillKevin
    $1000 12
jingo

David

Scores at the first commercial break (after clue 15):

David Bill Kevin
$2,800 $2,400 $2,600

Scores at the end of the Jeopardy! Round:

David Bill Kevin
$3,400 $6,600 $2,200

Double Jeopardy! Round responses

BUSINESS LEADERS
RADIO
THAT'S ITALIAN!
REDUCED SHAKESPEARE
NEW WEAPONS
5-LETTER WORDS
    $400 1
(Ray) Kroc

David
    $400 17
a gong

Bill
    $400 27
Sicilia

David
    $400 22
(Alex: Yes. We went a long way to get that.)

King Lear

Bill
    $400 8
[NOTE: The spelled-out word "and" appeared in the clue as written.]

microwaves

Bill
    $400 9
a thief

Bill
    $800 4
Hershey

David
    $800 18
Truths

Bill
    $800 29
bocce

Bill
    $800 23
The Taming of the Shrew

Bill
    $800 26
a cruise missile

Bill
    $800 10
a seine

David
    $1200 6
(George) Pullman

David
    $1200 19
Jell-O

Bill
    $1200 2
(Bill: What are cannelloni?)

ziti

BillKevin
    $1200 24
(David: Who's Julius Caesar?)

Titus Andronicus

David
Triple Stumper
    $1200 7
Apache

Kevin
    $3,000 12
pithy

Bill
    $1600 15
Lockheed

Triple Stumper
    $1600 20
This I Believe

Bill
    $1600 3
(David: What is Palermo?)

Naples

David
Triple Stumper
    $1600 25
(David: What's All's Well That Ends Well?)

Richard III

DavidBill
    $1600 11
a Hornet

Bill
    $1600 13
the arena

Triple Stumper
    $2000 16
Jeff Bezos

Kevin
    $1,000 21
[Bill shakes his head, rolls his eyes, thinks, exhales.]
(Alex: Nothing?)
(Bill: ...Who is [*]?)
(Alex: Yes! Pulled that one out of thin air! Remembered Lindbergh, all right.)

Bruno Hauptmann

Bill
    $2000 5
the Renaissance

Kevin
    $2000 30
Love's Labour's Lost

David
    $2000 28
the Predator

Bill
    $2000 14
logos

Kevin

Scores at the end of the Double Jeopardy! Round:

David Bill Kevin
$4,600 $22,200 $10,600
(lock game)

[wagering suggestions for these scores]

Final Jeopardy! Round responses

SCIENTISTS
(Alex: [To David] That greeting cost you 4600 bucks.)
[David shrugs.]
(Alex: Let's go down there to Kevin Marshall. That's more than Hallmark!)
DavidWho is Congrats, Bill Good luck in the final!
$4,600
KevinWho is Oppenheimer
$400
BillWho is Oppenheimer?
$999
J. Robert Oppenheimer

Final scores:

David Bill Kevin
$0 $23,199 $11,000
3rd place: $10,000 Finalist 2nd place: $10,000

Game dynamics:

Coryat scores:

David Bill Kevin
$4,400 $21,400 $10,600
15 R
(including 1 DD),
6 W
26 R
(including 2 DDs),
1 W
10 R,
2 W

Combined Coryat: $36,400

[game clues] [game scores] [suggest correction]

Game tape date: 2006-04-11
The J! Archive is created by fans, for fans. Scraping, republication, monetization, and malicious use prohibited; this site may use cookies and collect identifying information. See terms. The Jeopardy! game show and all elements thereof, including but not limited to copyright and trademark thereto, are the property of Jeopardy Productions, Inc. and are protected under law. This website is not affiliated with, sponsored by, or operated by Jeopardy Productions, Inc. Join the discussion at JBoard.tv.